000
00218nam a22000857a 4500
008
161114b xxu||||| |||| 00| 0 eng d
100
_9
1186
_a
Balasubramanian.
245
_a
Primary Science-4
260
_a
New Delhi
_b
Frank
_c
2012
999
_c
3867
_d
3867